[Event "46th Capablanca Memorial Open A"]
[Site "Havana CUB"]
[Date "2010.05.18"]
[Round "7.32"]
[White "Cardenas Ballester, Maydelin"]
[Black "Larrua Gonzalez, Fernando Oscar"]
[Result "1/2-1/2"]
[WhiteTitle "WFM"]
[BlackTitle "FM"]
[WhiteElo "2114"]
[BlackElo "2316"]
[WhiteFideId "3508242"]
[BlackFideId "3510662"]
[EventDate "2011.05.11"]

1. e4 c5 2. Nf3 d6 3. d4 cxd4 4. Nxd4 Nf6 5. Nc3 a6 6. Be3 e5 7. Nb3 Be6 8. f3
Be7 9. Qd2 O-O 10. O-O-O Qc7 11. g4 Rc8 12. Qf2 Nbd7 13. h4 b5 14. Kb1 b4 15.
Nd5 Bxd5 16. exd5 a5 17. g5 Nh5 18. Bh3 a4 19. Nc1 Rcb8 20. b3 Ra5 21. Bg4 Nf4
22. Bxf4 exf4 23. Bxd7 Qxd7 24. Qd4 Qc7 25. Nd3 axb3 26. cxb3 Rxa2 27. Rc1 Qa5
28. Rc4 Rd2 29. Rc2 Rxc2 30. Kxc2 Qa2+ 31. Qb2 Rc8+ 32. Kd2 Qa7 33. Re1 Bf8 34.
Qa1 Qb7 35. Qd4 g6 36. Rc1 Rc3 37. Rxc3 bxc3+ 38. Qxc3 Qxd5 39. Ke2 Qe6+ 40. Kf2
Bg7 41. Qe1 Bd4+ 42. Kg2 Qxb3 43. Nxf4 Qc2+ 44. Qe2 Qxe2+ 45. Nxe2 Bb2 46. f4 f5
47. gxf6 Bxf6 48. Kh3 Kf7 49. Ng3 Ke6 50. h5 gxh5 51. Nxh5 Kf5 52. Kg3 d5 53.
Kf3 Bd4 54. Ng3+ Kg6 55. Kg4 Bf2 56. Nh5 Be3 57. f5+ Kf7 58. Kf3 d4 59. Ke4 Ke7
60. Kd3 Kf7 61. Ke4 h6 62. Kd3 Ke7 63. Ke4 Kd6 64. f6 Ke6 65. Kd3 Kf7 66. Ke4
Kg6 67. Kd3 Bf2 68. Ke4 Be3 69. Kd3 Bg5 70. f7 Kxf7 71. Kxd4 Kg6 72. Ng3 Bf4 73.
Nf1 Kg5 74. Kd3 Kg4 75. Ke2 h5 76. Kf2 h4 77. Kg2 1/2-1/2

[Event "46th Capablanca Memorial Open A"]
[Site "Havana CUB"]
[Date "2010.05.18"]
[Round "7.33"]
[White "Lopez Vilier, Luis Angel"]
[Black "Boada, Wiston"]
[Result "1-0"]
[WhiteTitle "FM"]
[BlackTitle "IM"]
[WhiteElo "2316"]
[BlackElo "2214"]
[WhiteFideId "3509320"]
[BlackFideId "3900495"]
[EventDate "2011.05.11"]

1. c4 c5 2. Nc3 b6 3. Nf3 Bb7 4. e3 e6 5. Be2 Nf6 6. O-O d6 7. d4 Nbd7 8. Qc2
Be7 9. e4 cxd4 10. Nxd4 a6 11. Be3 Rc8 12. f3 O-O 13. Qd2 Kh8 14. Rfd1 Rg8 15.
Rac1 Qc7 16. Kh1 Rce8 17. b3 Nf8 18. Nc2 N6d7 19. f4 Qb8 20. Ne1 Qc7 21. Bf3 Rd8
22. Nd3 Ng6 23. g3 Rge8 24. Qf2 Rc8 25. h4 Ngf8 26. Kh2 Bd8 27. Qd2 Qb8 28. h5
Kg8 29. h6 g6 30. Nf2 Bc7 31. Qb2 f6 32. Ng4 Re7 33. Bd4 Rf7 34. Bg2 f5 35. exf5
gxf5 36. Bxb7 Qxb7 37. Nf2 b5 38. cxb5 axb5 39. Qe2 b4 40. Nb1 e5 41. Be3 Nf6
42. Nd2 Ng6 43. Qd3 Re8 44. Rg1 d5 45. g4 fxg4 46. Nxg4 exf4 47. Bd4 Nxg4+ 48.
Rxg4 Re6 49. Nf3 Qa6 50. Qxa6 Rxa6 51. Rc2 Bd6 52. Rg5 Bf8 53. Ne5 Re7 54. Rc8
Rxa2+ 55. Kh3 Re2 56. Rf5 R7xe5 57. Bxe5 Re3+ 58. Kh2 Rc3 59. Bxc3 bxc3 60. Rxd5
Ne7 61. Rg5+ Kf7 62. Rxc3 Bxh6 63. Rgc5 Bg7 64. R3c4 Ke6 65. Kg2 Nd5 66. Kf3 Be5
67. Rc6+ Kf5 68. b4 Nf6 69. b5 Ng4 70. R4c5 Nh2+ 71. Kg2 f3+ 72. Kf2 Ke4 73.
Rc4+ Bd4+ 74. Rxd4+ Kxd4 75. Kg3 f2 76. Kxf2 Ng4+ 77. Kg3 Ne5 78. Rc7 Kd5 79. b6
Kd6 80. Rc1 Nd7 81. b7 1-0

[Event "46th Capablanca Memorial Open A"]
[Site "Havana CUB"]
[Date "2010.05.18"]
[Round "7.34"]
[White "Campos Vila, Milena"]
[Black "Gomez Fontal, Felix Manuel"]
[Result "0-1"]
[WhiteTitle "WFM"]
[BlackTitle "IM"]
[WhiteElo "2212"]
[BlackElo "2417"]
[WhiteFideId "3501558"]
[BlackFideId "3500357"]
[EventDate "2011.05.11"]

1. e4 e5 2. Nf3 Nc6 3. Bb5 a6 4. Bxc6 dxc6 5. O-O Qd6 6. Na3 Be6 7. Qe2 f6 8.
Rd1 c5 9. c3 Bg4 10. h3 Bxf3 11. Qxf3 O-O-O 12. d4 cxd4 13. cxd4 Qd7 14. Be3
Bxa3 15. dxe5 Qe6 16. Rxd8+ Kxd8 17. Rd1+ Ke8 18. bxa3 fxe5 19. Bg5 Nf6 20. Qc3
c6 21. Qa5 Qe7 22. f4 h6 23. Bh4 g5 24. fxg5 hxg5 25. Bxg5 Rg8 26. h4 Rg6 27.
Rf1 Qd6 28. Rf5 Ng4 29. Qb4 c5 30. Qc4 Qd1+ 31. Rf1 Qd4+ 32. Qxd4 exd4 33. g3 c4
34. Rf5 c3 35. Bc1 Rd6 36. Rd5 Rxd5 37. exd5 d3 38. Kf1 Kd7 39. Bf4 d2 40. Bxd2
cxd2 41. Ke2 Kd6 42. Kxd2 Kxd5 43. Kc3 a5 44. Kb3 b5 45. a4 b4 46. Kb2 Kc4 47.
Kc2 Ne3+ 48. Kb2 Kd4 49. Kb3 Kd5 50. Kb2 Ke6 51. Kb3 Kd5 52. Kb2 Kc4 53. h5 Ng4
54. Kc2 Kd4 55. Kd2 Nh6 56. Kc2 Ke3 57. Kb3 Kd4 58. Kb2 Kd3 59. Kb1 Kc3 60. Kc1
b3 61. a3 b2+ 62. Kb1 Ng4 0-1

[Event "46th Capablanca Memorial Open A"]
[Site "Havana CUB"]
[Date "2010.05.18"]
[Round "7.35"]
[White "Ibarra Chami, Luis Fernando"]
[Black "Adel Lahchaichi, Oussama"]
[Result "1-0"]
[WhiteTitle "IM"]
[BlackTitle "FM"]
[WhiteElo "2514"]
[BlackElo "2265"]
[WhiteFideId "5105048"]
[BlackFideId "2207885"]
[EventDate "2011.05.11"]

1. e4 c5 2. Nf3 Nc6 3. Nc3 Nf6 4. d4 cxd4 5. Nxd4 e5 6. Ndb5 d6 7. Bg5 a6 8. Na3
b5 9. Bxf6 gxf6 10. Nd5 Bg7 11. c3 f5 12. Bd3 Ne7 13. Nxe7 Qxe7 14. O-O O-O 15.
Qh5 d5 16. exd5 b4 17. Nc4 e4 18. Bc2 bxc3 19. bxc3 Bxc3 20. Rab1 Bd4 21. Rb3 f4
22. d6 Qe6 23. Nd2 f5 24. Rh3 Qg6 25. Bb3+ Kg7 26. Qh4 Bf6 27. Qxf4 Bg5 28. Qe5+
Qf6 29. Qd5 Ra7 30. Rg3 Kh6 31. f4 Bh4 32. Rh3 Rg7 33. g3 Rg4 34. Bd1 Rg6 35.
Qe5 Qd8 36. Kh1 1-0

[Event "46th Capablanca Memorial Open A"]
[Site "Havana CUB"]
[Date "2010.05.18"]
[Round "7.36"]
[White "Soto Hernandez, Henry"]
[Black "Pulvett, Daniel"]
[Result "0-1"]
[WhiteTitle "FM"]
[BlackTitle "IM"]
[WhiteElo "2362"]
[BlackElo "2282"]
[WhiteFideId "3507475"]
[BlackFideId "3900410"]
[EventDate "2011.05.11"]

1. e4 c5 2. Nf3 d6 3. d4 cxd4 4. Nxd4 Nf6 5. Nc3 g6 6. Be2 Bg7 7. O-O O-O 8. Re1
Nc6 9. Nb3 a5 10. a4 Be6 11. Bg5 Rc8 12. Qd2 Nb4 13. Nd4 Bc4 14. Bf3 Nd7 15.
Rac1 Ne5 16. Nd5 Bxd5 17. exd5 Nc4 18. Qf4 Qb6 19. Nb5 Bxb2 20. Bxe7 Be5 21. Qh4
Rfe8 22. Bg4 Rc5 23. Rxe5 Nxe5 24. Nxd6 Rxe7 25. Qxe7 Rxd5 26. Nxf7 Nxg4 27. Rf1
Rf5 28. Nd6 Rxf2 29. Qe6+ Rf7+ 30. Kh1 Nf2+ 31. Rxf2 Qxf2 32. h3 Qf6 0-1

[Event "46th Capablanca Memorial Open A"]
[Site "Havana CUB"]
[Date "2010.05.18"]
[Round "7.37"]
[White "Vigoa Apecheche, Yanira"]
[Black "Mena Crespo, Carlos"]
[Result "0-1"]
[WhiteTitle "WIM"]
[BlackTitle "FM"]
[WhiteElo "2279"]
[BlackElo "2347"]
[WhiteFideId "3507041"]
[BlackFideId "3506410"]
[EventDate "2011.05.11"]

1. d4 Nf6 2. c4 e6 3. Nf3 Bb4+ 4. Bd2 Qe7 5. a3 Bxd2+ 6. Qxd2 O-O 7. Nc3 d6 8.
e3 e5 9. d5 Bg4 10. h3 Bxf3 11. gxf3 Nbd7 12. Bd3 a5 13. Bc2 Nb6 14. Qe2 c6 15.
Rd1 cxd5 16. cxd5 Rfc8 17. h4 Rc5 18. h5 Nbxd5 19. Na4 Rc6 20. Bb3 Nb6 21. Nc3
a4 22. Ba2 Ra5 23. e4 Rac5 24. Qe3 h6 25. Ke2 Nh7 26. Rhg1 Ng5 27. Rg3 Nd7 28.
Nd5 Qd8 29. Nb4 Rc8 30. Rxd6 Qe7 31. Rd2 Nf6 32. Nd5 Rxd5 33. exd5 Nxh5 34. d6
Qd7 35. Rg4 Nf4+ 36. Rxf4 exf4 37. Qxf4 Qb5+ 38. Ke3 Re8+ 39. Kd4 Qc6 40. Bd5
Ne6+ 41. Bxe6 Rxe6 42. d7 Qxd7+ 43. Kc3 Qc6+ 44. Kb4 Qb6+ 45. Kxa4 Re8 46. b4
Qe6 47. b5 Ra8+ 48. Kb4 Qb6 49. a4 h5 50. Rd7 Rf8 51. Rd5 Qxf2 52. Rxh5 Qb2+ 53.
Kc5 Qf2+ 54. Kb4 Rd8 55. Qh2 Qd4+ 56. Kb3 Qe3+ 57. Kb4 Rd4+ 58. Ka5 b6+ 59. Ka6
Rxa4+ 60. Kb7 Qe7+ 61. Kc6 Qe6+ 62. Kc7 Qe7+ 63. Kc6 Qe6+ 64. Kc7 g6 65. Rh8+
Kg7 66. Kb8 Qd5 67. Kc7 Ra7+ 0-1

[Event "46th Capablanca Memorial Open A"]
[Site "Havana CUB"]
[Date "2010.05.18"]
[Round "7.38"]
[White "Llaudy Pupo, Lisandra"]
[Black "Camacho Martinez, Guillermo"]
[Result "1/2-1/2"]
[WhiteTitle "WIM"]
[BlackTitle "FM"]
[WhiteElo "2216"]
[BlackElo "2336"]
[WhiteFideId "3506487"]
[BlackFideId "3502520"]
[EventDate "2011.05.11"]

1. e4 e5 2. Nf3 Nf6 3. Nc3 Bb4 4. Nxe5 O-O 5. Be2 Re8 6. Nd3 Bxc3 7. dxc3 Nxe4
8. Nf4 d6 9. O-O Nd7 10. c4 Nf8 11. f3 Nc5 12. b3 Nfe6 13. Nxe6 Rxe6 14. Bb2 Bd7
15. Qd4 f6 16. Rf2 Kh8 17. Bf1 Qe7 18. Bc3 Re8 19. Rd1 b6 20. Rdd2 Qf7 21. Rd1
a5 22. Qd2 R6e7 23. Bd4 Ne6 24. Bc3 Bc6 25. Re1 Ng5 26. Rxe7 Rxe7 27. Bd3 Qe8
28. Qf4 Ne6 29. Qd2 Ng5 30. Qf4 Ne6 31. Qd2 Qh5 32. Re2 Re8 33. Qe1 Qf7 34. Bf5
Nf8 35. Rxe8 Qxe8 36. Qxe8 Bxe8 37. Kf2 Bg6 38. Bxg6 Nxg6 39. Ke3 Kg8 40. g3 Kf7
41. Ke4 Ke6 42. f4 Ne7 43. a3 f5+ 44. Kd3 g6 45. Bd4 Nc6 46. Bb2 Nd8 47. Bd4 Nf7
48. Bg7 Nd8 49. Bd4 Kd7 50. Kc3 Ne6 51. Be3 h5 52. Kd3 c5 53. a4 Kc6 54. Bf2 h4
55. Be3 hxg3 56. hxg3 Ng7 57. Bf2 Nh5 58. Be1 Nf6 59. Bc3 Ne4 60. Be1 Kd7 61. g4
Ke6 62. g5 Kd7 63. Bh4 Kc6 64. Be1 d5 65. cxd5+ Kxd5 66. c4+ Kc6 67. Bh4 Kd7 68.
Be1 Nd6 69. Bc3 Nc8 70. Be5 Na7 71. Bc3 Nc6 72. Ke3 Nd8 73. Be5 Nf7 74. Bc3 Nd6
75. Be1 Ne4 76. Kd3 Ke6 77. Bh4 Nd6 1/2-1/2

[Event "46th Capablanca Memorial Open A"]
[Site "Havana CUB"]
[Date "2010.05.18"]
[Round "7.40"]
[White "Enrique Hernandez, Eddy Ernesto"]
[Black "Machado Escanio, Michel"]
[Result "0-1"]
[BlackTitle "FM"]
[WhiteElo "2206"]
[BlackElo "2309"]
[WhiteFideId "3508765"]
[BlackFideId "3506290"]
[EventDate "2011.05.11"]

1. d4 d5 2. Nc3 Nf6 3. Bg5 Bf5 4. f3 Bg6 5. Qd2 Nbd7 6. e3 c6 7. h4 h6 8. Bf4 e6
9. g4 Bb4 10. a3 Ba5 11. Nge2 h5 12. g5 Ng8 13. Bg2 Ne7 14. e4 O-O 15. b4 Bb6
16. Ng3 Re8 17. Nce2 a5 18. Rb1 axb4 19. axb4 Ra3 20. c3 Qa8 21. O-O e5 22. Be3
dxe4 23. fxe4 Qa7 24. Bf3 exd4 25. Bxd4 Bxd4+ 26. Nxd4 Ra2 27. Qf4 c5 28. bxc5
Nxc5 29. Bxh5 Ne6 30. Qe3 Nxd4 31. Qxd4 Qb8 32. e5 Nc6 33. Qf4 Qa7+ 34. Kh1 Nxe5
35. Rbe1 Qc5 36. Bxg6 fxg6 37. Re3 Qd5+ 38. Qe4 Qd7 39. Ne2 Raa8 40. Qd4 Qc6+
41. Qe4 Qd7 42. Qd4 Qb5 43. Qb4 Qxb4 44. cxb4 Nc6 45. Rxe8+ Rxe8 46. Ng3 Re3 47.
Kg2 Rb3 48. h5 gxh5 49. Nxh5 Rxb4 50. Kg3 Ne5 51. Rf5 Rb3+ 52. Kg2 Re3 53. Nf4
Nd3 54. Nxd3 Rxd3 55. Rb5 Rd7 56. Kg3 Kf7 57. Rb6 Ke7 58. Kf4 Kd8 59. Kf5 Kc7
60. Rb2 Rd6 61. Rc2+ Kd7 62. Rb2 Kc7 63. Rc2+ Kb8 64. Ke5 Rg6 65. Kf5 Rd6 66.
Rb2 Rc6 67. Rb1 Kc7 68. Re1 g6+ 69. Ke5 b5 70. Rb1 Rb6 71. Rb4 Kc6 72. Kd4 Kd6
73. Kc3 Rc6+ 74. Kb3 Rc5 75. Rg4 Ke6 76. Rg1 Kf5 77. Kb4 Re5 78. Kc3 Re4 79. Kd3
Rg4 80. Rc1 Rxg5 81. Rc6 Kf4 82. Kd4 Rg1 83. Rf6+ Kg5 84. Rb6 Rb1 85. Kc3 Kf5
86. Kc2 Rb4 87. Kd3 g5 88. Rb8 Kg4 89. Ke2 Kg3 90. Ke3 g4 91. Ke2 Kg2 92. Ke1 g3
93. Ke2 Re4+ 94. Kd3 Re1 95. Rxb5 Kg1 96. Kc3 g2 97. Kd2 Re4 98. Kd3 Rh4 99. Ke3
Kh1 0-1

[Event "46th Capablanca Memorial Open A"]
[Site "Havana CUB"]
[Date "2010.05.18"]
[Round "7.41"]
[White "Martinez Reyes, Pedro Ramon"]
[Black "Pina Vega, Sulennis"]
[Result "0-1"]
[BlackTitle "WGM"]
[WhiteElo "2198"]
[BlackElo "2298"]
[WhiteFideId "3901807"]
[BlackFideId "3503151"]
[EventDate "2011.05.11"]

1. e4 c5 2. Nf3 Nc6 3. d4 cxd4 4. Nxd4 e5 5. Nb5 d6 6. N1c3 a6 7. Na3 Be7 8. Nc4
b5 9. Ne3 Nf6 10. Ned5 Be6 11. Be2 O-O 12. O-O Nd4 13. Nxe7+ Qxe7 14. Be3 Nxe2+
15. Qxe2 Bc4 16. Qd2 Bxf1 17. Rxf1 b4 18. Na4 Rab8 19. f3 Qe6 20. b3 d5 21. Nc5
Qc6 22. exd5 Nxd5 23. Bf2 Rfd8 24. Qe2 Rb5 0-1

[Event "46th Capablanca Memorial Open A"]
[Site "Havana CUB"]
[Date "2010.05.18"]
[Round "7.42"]
[White "Tovio, Israel"]
[Black "Torres Rosas, Luis Carlos"]
[Result "0-1"]
[WhiteTitle "FM"]
[BlackTitle "CM"]
[WhiteElo "2297"]
[BlackElo "2129"]
[WhiteFideId "4402049"]
[BlackFideId "5111080"]
[EventDate "2011.05.11"]

1. e4 c5 2. Nf3 e6 3. d3 Nc6 4. g3 g6 5. Bg2 Bg7 6. O-O Nge7 7. Re1 e5 8. Be3 d6
9. c3 O-O 10. d4 exd4 11. cxd4 Bg4 12. dxc5 Bxf3 13. Bxf3 Bxb2 14. Nd2 Bxa1 15.
Qxa1 dxc5 16. Nb3 b6 17. Qf6 Nf5 18. Qxd8 Raxd8 19. exf5 Ne5 20. Be4 gxf5 21.
Bg2 Rfe8 22. Kf1 Ng4 23. h3 Nxe3+ 24. fxe3 Rd6 25. Kf2 Red8 26. Bf3 Rg6 27. Re2
Kg7 28. Bg2 Rd1 29. h4 h6 0-1

[Event "46th Capablanca Memorial Open A"]
[Site "Havana CUB"]
[Date "2010.05.18"]
[Round "7.43"]
[White "Castellanos Sanchez, Carlos M"]
[Black "Gascon, Jose Rafael"]
[Result "0-1"]
[WhiteTitle "FM"]
[WhiteElo "2293"]
[BlackElo "2120"]
[WhiteFideId "3501310"]
[BlackFideId "3902463"]
[EventDate "2011.05.11"]

1. e4 c5 2. Nc3 Nc6 3. g3 g6 4. Bg2 Bg7 5. d3 d6 6. Be3 e5 7. Qd2 Nge7 8. h4 h5
9. Nh3 Nd4 10. Nd1 Bg4 11. Ng5 f6 12. f3 Bd7 13. Nh3 d5 14. c3 Ne6 15. f4 d4 16.
Bg1 exf4 17. gxf4 f5 18. c4 fxe4 19. dxe4 Bh6 20. Ndf2 O-O 21. Nd3 Nc8 22. Ng5
Nd6 23. b3 Qe7 24. e5 Nxf4 25. O-O-O Nxd3+ 26. Qxd3 Bxg5+ 27. hxg5 Qxg5+ 28. Qd2
Qxd2+ 29. Rxd2 Nf5 30. Bxb7 Rae8 31. Rg2 Kh7 32. Bh2 Ne3 33. Rg5 Rf2 34. Bg1
Rxa2 35. Bxe3 dxe3 36. Kb1 Rf2 37. Be4 Bf5 38. Bxf5 Rxf5 39. Rhxh5+ gxh5 40.
Rxf5 Kg6 41. Rf1 Rxe5 42. Kc2 e2 43. Re1 a5 44. Kd2 Kf5 45. b4 axb4 46. Kd3 Kf4 0-1

[Event "46th Capablanca Memorial Open A"]
[Site "Havana CUB"]
[Date "2010.05.18"]
[Round "7.44"]
[White "Abreu Jean, Carlos Paul"]
[Black "Hernandez Fernandez, Ramon A"]
[Result "1/2-1/2"]
[BlackTitle "FM"]
[WhiteElo "2101"]
[BlackElo "2293"]
[WhiteFideId "6405525"]
[BlackFideId "3503909"]
[EventDate "2011.05.11"]

1. d4 Nf6 2. Nf3 g6 3. c4 Bg7 4. Nc3 O-O 5. e4 d6 6. Be2 Na6 7. O-O e5 8. d5 Nc5
9. Qc2 a5 10. Ne1 Bd7 11. Be3 b6 12. f3 Nh5 13. Nd3 f5 14. Nf2 Nf4 15. g3 Nxe2+
16. Qxe2 f4 17. Bd2 Qf6 18. g4 h5 19. gxh5 gxh5 20. Kh1 Kh7 21. Rg1 Qf7 22. Nb5
Na6 23. Nd3 Bf6 24. a3 a4 25. Qd1 Bxb5 26. cxb5 Nc5 27. Nxc5 bxc5 28. Qc2 Qd7
29. Bc3 Rg8 30. Rxg8 Rxg8 31. Qe2 Bh4 32. Rg1 Rxg1+ 33. Kxg1 Qh3 34. b3 axb3 35.
a4 Qc8 36. a5 Qb8 37. Kh1 Qa7 38. Qc4 b2 39. Qb3 c4 40. Qxb2 Qe3 41. Kg2 Be1 42.
Bxe1 Qxe1 43. Qf2 Qxa5 44. Qh4 Qd2+ 45. Kh3 Kg6 46. Qd8 Qe2 1/2-1/2

[Event "46th Capablanca Memorial Open A"]
[Site "Havana CUB"]
[Date "2010.05.18"]
[Round "7.45"]
[White "Miranda Rodriguez, Tania"]
[Black "Forgas Moreno, Yaniela"]
[Result "0-1"]
[WhiteTitle "WFM"]
[BlackTitle "WFM"]
[WhiteElo "2167"]
[BlackElo "2093"]
[WhiteFideId "3510417"]
[BlackFideId "3508072"]
[EventDate "2011.05.11"]

1. e4 c5 2. Nf3 d6 3. d4 cxd4 4. Nxd4 Nf6 5. Nc3 a6 6. Bc4 e6 7. Bb3 Nbd7 8. f4
Nc5 9. e5 Nfd7 10. Qh5 g6 11. Qe2 dxe5 12. Nf3 Bg7 13. fxe5 Qc7 14. Bf4 b5 15.
O-O O-O 16. Rae1 Bb7 17. a3 b4 18. axb4 Nxb3 19. cxb3 Qb6+ 20. Qf2 Qxb4 21. Ng5
h6 22. Nge4 Nxe5 23. Qh4 Qd4+ 24. Be3 Qd8 25. Nf6+ Bxf6 26. Rxf6 Ng4 27. Rxg6+
fxg6 28. Qxg4 Qf6 29. Bd4 e5 30. Bc5 Rf7 31. b4 Rd8 32. h3 Rd2 33. Ne4 Bxe4 34.
Qxe4 Rxb2 35. Qxe5 Qxe5 36. Rxe5 Rd7 37. Re6 Kf7 38. Rxa6 Rdd2 39. Rd6 Rxg2+ 40.
Kh1 Rh2+ 41. Kg1 Rxh3 42. Rd7+ Ke6 43. Rd6+ Kf5 44. Rd5+ Ke4 45. Rd4+ Ke5 46.
Rg4 Rb1+ 47. Kg2 Ra3 48. Rxg6 Rb2+ 49. Kh1 Ra1+ 50. Rg1 Rxg1+ 51. Kxg1 Kf4 52.
Bd6+ Kf3 53. Bc5 h5 54. Kh1 h4 55. Be7 Kg3 56. Bd6+ Kh3 57. Kg1 Rg2+ 58. Kf1 Rg6
59. Bc7 Rg7 60. Bd6 Kg4 61. Kg2 Rd7 62. Be5 Rd5 63. Bc7 Rb5 64. Bd6 Rb6 65. Bc7
Rc6 66. Be5 Rc2+ 67. Kh1 Kh3 68. Kg1 Rg2+ 69. Kf1 Rg4 70. Bd6 Rd4 71. Bc5 Rd1+
72. Ke2 Rd5 73. Bf2 Kg4 74. Bb6 Rf5 75. Bc7 Kh3 76. b5 Kg2 77. b6 Rb5 78. Kd3 h3
79. Kc4 Rxb6 0-1

[Event "46th Capablanca Memorial Open A"]
[Site "Havana CUB"]
[Date "2010.05.18"]
[Round "7.46"]
[White "Ubaldo Suarez, Maria Gisela"]
[Black "Marrero Lopez, Yaniet"]
[Result "0-1"]
[WhiteTitle "WIM"]
[BlackTitle "WGM"]
[WhiteElo "2079"]
[BlackElo "2328"]
[WhiteFideId "3900630"]
[BlackFideId "3503950"]
[EventDate "2011.05.11"]

1. d4 d5 2. c4 e6 3. Nf3 Nf6 4. Nc3 Bb4 5. a3 Bxc3+ 6. bxc3 Ne4 7. Qc2 b6 8.
cxd5 exd5 9. e3 O-O 10. Bd3 Re8 11. O-O Bf5 12. c4 c6 13. Ne5 f6 14. Nf3 g5 15.
Ne1 Qd7 16. Bb2 Nd6 17. Bxf5 Qxf5 18. Qxf5 Nxf5 19. cxd5 cxd5 20. Rc1 Nd6 21.
Nd3 Nc4 22. Rc2 Nc6 23. Rfc1 a5 24. Rc3 a4 25. Ba1 Kf7 26. Rb1 N6a5 27. Rb5 Ke6
28. Nb2 Nd6 29. Rxb6 Nb3 30. Rcc6 Red8 31. Nd3 Nxa1 32. Nc5+ Ke7 33. Rc7+ Ke8
34. Rxh7 Ne4 35. Ne6 Rdc8 36. Nc7+ Kf8 37. f3 Kg8 38. Re7 Ra7 39. Re8+ Rxe8 40.
Nxe8 Re7 41. fxe4 Rxe8 42. Ra6 Rxe4 43. Kf2 Nc2 44. Rxa4 Nxe3 45. Ra7 Ng4+ 0-1

[Event "46th Capablanca Memorial Open A"]
[Site "Havana CUB"]
[Date "2010.05.18"]
[Round "7.47"]
[White "Fandino Reyes, Roquelina"]
[Black "Sanchez Castillo, Sarai"]
[Result "0-1"]
[WhiteTitle "WIM"]
[BlackTitle "IM"]
[WhiteElo "2147"]
[BlackElo "2268"]
[WhiteFideId "3501426"]
[BlackFideId "3900754"]
[EventDate "2011.05.11"]

1. e4 e6 2. d4 d5 3. Nc3 Nf6 4. e5 Nfd7 5. f4 c5 6. Nf3 Nc6 7. Be3 a6 8. Qd2 b5
9. Be2 Bb7 10. O-O Qb6 11. Rad1 O-O-O 12. Bf2 cxd4 13. Nxd4 Nxd4 14. Bxd4 Bc5
15. Bf3 Kb8 16. Ne2 f6 17. exf6 gxf6 18. Bxc5 Qxc5+ 19. Kh1 e5 20. Bg4 Nb6 21.
b3 Rhg8 22. Bh3 d4 23. fxe5 fxe5 24. Ng3 Nd5 25. Rf7 Ne3 26. Re1 h5 27. Rh7 h4
28. Rxh4 Rh8 29. Rh5 Rxh5 30. Nxh5 Rh8 31. Nf6 Ka7 32. Nd7 Qd6 33. c4 Rxh3 34.
cxb5 Qxd7 35. b6+ Kxb6 36. Qb4+ Qb5 37. Qe7 Ka7 38. a4 Qd5 0-1

[Event "46th Capablanca Memorial Open A"]
[Site "Havana CUB"]
[Date "2010.05.18"]
[Round "7.49"]
[White "Frometa Castillo, Zirka"]
[Black "Perez Rodriguez, Jennifer"]
[Result "1-0"]
[WhiteTitle "WGM"]
[BlackTitle "WIM"]
[WhiteElo "2125"]
[BlackElo "2227"]
[WhiteFideId "3501434"]
[BlackFideId "3507831"]
[EventDate "2011.05.11"]

1. d4 d5 2. Bf4 c5 3. e3 Nc6 4. Nf3 Nf6 5. Nc3 Bg4 6. Bb5 cxd4 7. exd4 e6 8. h3
Bxf3 9. Qxf3 Bb4 10. O-O Qb6 11. Be5 Bxc3 12. Bxc6+ bxc6 13. bxc3 Qd8 14. Rab1
O-O 15. Rb7 Ne4 16. Rfb1 Qg5 17. Bf4 Qf5 18. R1b3 c5 19. Ra3 cxd4 20. cxd4 Rac8
21. Bc7 Qg5 22. Qe3 Qxe3 23. fxe3 Rfe8 24. Raxa7 Re7 25. a4 Nf6 26. a5 Ne8 27.
Bf4 Rxb7 28. Rxb7 g5 29. Rb8 1-0

[Event "46th Capablanca Memorial Open A"]
[Site "Havana CUB"]
[Date "2010.05.18"]
[Round "7.50"]
[White "Catala Matienzo, Ivette"]
[Black "Pirola, Claudionor Alcides Lima"]
[Result "0-1"]
[WhiteTitle "WFM"]
[WhiteElo "2208"]
[BlackElo "2104"]
[WhiteFideId "3506819"]
[BlackFideId "2130556"]
[EventDate "2011.05.11"]

1. d4 Nf6 2. Nf3 e6 3. e3 d5 4. Bd3 c5 5. b3 Nc6 6. O-O Bd6 7. Bb2 Qc7 8. c4 b6
9. dxc5 Bxc5 10. Bxf6 gxf6 11. cxd5 exd5 12. Nc3 Be6 13. Rc1 a6 14. Qe2 Ba3 15.
Rc2 Qb7 16. e4 Nb4 17. exd5 Nxd3 18. dxe6 Nf4 19. exf7+ Kxf7 20. Qc4+ Ne6 21. b4
Qe7 22. Re2 Rhe8 23. Nd5 Qd6 24. Rfe1 Rad8 25. Rxe6 Rxe6 26. Nc7 Rc8 27. Qxe6+
Qxe6 28. Nxe6 Bxb4 29. Ned4 Bxe1 30. Nxe1 Ke7 31. Kf1 Kd6 32. Ke2 Re8+ 33. Kd2
Rg8 34. g3 Rg5 35. Kd3 Ra5 36. Nec2 Rxa2 37. f4 Rb2 38. Kc3 Rb1 39. Ne3 b5 40.
Ng4 Ke7 41. Nf5+ Kf7 42. Nd6+ Ke6 43. Ne8 a5 44. Kc2 Re1 45. Nexf6 h6 46. Kd2
Ra1 47. Ne8 b4 48. Nxh6 b3 49. Kc3 a4 50. f5+ Kd7 51. Nf6+ Kc6 52. Nhg4 Rc1+ 53.
Kb2 Rc2+ 54. Kb1 Re2 0-1

[Event "46th Capablanca Memorial Open A"]
[Site "Havana CUB"]
[Date "2010.05.18"]
[Round "7.51"]
[White "Corrales Jimenez, Zenia"]
[Black "Mendoza Velazquez, Lorena Alejan"]
[Result "1/2-1/2"]
[WhiteTitle "WFM"]
[BlackTitle "WIM"]
[WhiteElo "2182"]
[BlackElo "2033"]
[WhiteFideId "3506355"]
[BlackFideId "5101794"]
[EventDate "2011.05.11"]

1. e4 c5 2. Nf3 a6 3. c4 d6 4. d4 cxd4 5. Nxd4 Nf6 6. Nc3 e6 7. Bd3 Be7 8. O-O
Nbd7 9. Kh1 O-O 10. f4 Qc7 11. Qe2 b6 12. Re1 Nc5 13. Bd2 Nxd3 14. Qxd3 Nd7 15.
Rac1 Bb7 16. Qg3 Bf6 17. Nf3 g6 18. f5 Nc5 19. Ng5 Qe7 20. Rf1 h6 21. b4 hxg5
22. bxc5 bxc5 23. fxg6 fxg6 24. Rf3 Bxc3 25. Rfxc3 Bxe4 26. Bxg5 Qf7 27. h3 e5
28. Qh4 Qb7 29. Rg3 Rf7 30. Kh2 Rb8 31. Rd1 Rh7 32. Qg4 Bf5 33. Qe2 Qc6 34. Qd2
Rd7 35. Bh6 Re8 36. Qg5 Kh7 37. Qh4 Kg8 38. Qf6 Kh7 39. Qh4 Kg8 40. Qf6 1/2-1/2

[Event "46th Capablanca Memorial Open A"]
[Site "Havana CUB"]
[Date "2010.05.18"]
[Round "7.52"]
[White "Cueto Rodriguez, Yanet"]
[Black "Sanchez Comesana, Angelica Maria"]
[Result "1-0"]
[WhiteTitle "WFM"]
[WhiteElo "2138"]
[BlackElo "2019"]
[WhiteFideId "3505294"]
[BlackFideId "3507742"]
[EventDate "2011.05.11"]

1. e4 e5 2. Nf3 Nc6 3. d4 exd4 4. Nxd4 Nf6 5. Nc3 Bb4 6. Nxc6 bxc6 7. Bd3 d5 8.
exd5 cxd5 9. O-O O-O 10. Bg5 c6 11. Ne2 Bd6 12. Nd4 Bd7 13. Qf3 Be5 14. Nf5 Re8
15. c3 Rb8 16. Rab1 Bxf5 17. Bxf5 h6 18. Bh4 Qd6 19. Bg3 Bxg3 20. hxg3 Qe5 21.
Rfc1 g6 22. Bd3 Qg5 23. Qf4 Qxf4 24. gxf4 Re7 25. b4 Kf8 26. a4 Ne4 27. f3 Nd6
28. Kf2 f5 29. Rh1 Kg7 30. Rhe1 Rxe1 31. Rxe1 Kf6 32. Re2 h5 33. Ke3 Ke6 34.
Kd4+ Kd7 35. Ke5 Ke7 36. Kd4+ Kd7 37. Ke5 Ke7 38. Kd4+ Kd7 39. g4 h4 40. gxf5
gxf5 41. Rh2 Rh8 42. Ke5 Ke7 43. b5 cxb5 44. axb5 Rh6 45. Kxd5 Kd7 46. c4 Kc7
47. c5 Nb7 48. Bf1 Rh8 49. Bh3 Rf8 50. Rg2 Rf7 51. Rg5 Rd7+ 52. Kc4 Rd1 53. Rg7+
Kb8 54. c6 Rc1+ 55. Kd5 Rd1+ 56. Kc4 Rc1+ 57. Kd5 Rd1+ 58. Ke6 Re1+ 59. Kf6 Nd6
60. Rd7 Nxb5 61. Rb7+ Kc8 62. Bxf5+ Kd8 63. Rxb5 Kc7 64. Be4 h3 65. Rh5 Rh1 66.
Rh7+ Kb6 67. Rb7+ Kc5 68. c7 1-0